Detalles MARC
| 000 -LÍDER |
| Campo fijo de descripción fija |
02551aam a2200349 i 4500 |
| 001 - NÚMERO DE CONTROL |
| Campo de control |
768714001 |
| 003 - IDENTIFICADOR DEL NÚMERO DE CONTROL |
| Campo de control |
CO-MdFUSB |
| 005 - FECHA Y HORA DE LA ULTIMA TRANSACCIÓN |
| control field |
20231101103853.0 |
| 007 - CAMPO FIJO DE DESCRIPCIÓN FIJA--INFORMACIÓN GENERAL |
| Campo fijo de descripción fija |
ta |
| 008 - ELEMENTOS DE LONGITUD FIJA -- INFORMACIÓN GENERAL |
| Campo fijo de descripción fija -- Información general |
230927t20012004us ||||g |||| 00| 0 spa d |
| 020 ## - NÚMERO INTERNACIONAL NORMALIZADO PARA LIBROS |
| Número Internacional Normalizado del libro |
1576583155 |
| 040 ## - FUENTE DE CATALOGACIÓN |
| Agencia de catalogación original |
CO-MdFUSB |
| Idioma de catalogación |
spa |
| Agencia que realiza la transcripción |
CO-MdFUSB |
| Agencia que realiza la modificación |
CO-MdFUSBC |
| Convenciones de la descripción |
rda |
| 041 ## - CÓDIGO DE IDIOMA |
| Código de idioma para texto/pista de sonido o título separado |
spa |
| 082 ## - NÚMERO DE CLASIFICACIÓN DECIMAL DEWEY |
| Número de la edición del Dewey |
23 |
| Número de clasificación |
248.5 |
| Clave de autor-Numero de item |
C973 |
| 100 ## - ASIENTO PRINCIPAL--NOMBRE PERSONAL |
| Nombre personal |
Cunningham, Loren, |
| Término relacionador |
autor |
| 240 ## - TITULO UNIFORME |
| Título uniforme |
<a href="Is That Really You, God?">Is That Really You, God?</a> |
| 245 13 - TÍTULO |
| Título del Material |
¿Eres tú, Señor? |
| Parte restante del título - Subtitulo |
: la aventura de oír y obedecer la voz de Dios |
| Mención de responsabilidad, etc. |
/ Loren Cunningham , Janice Rogers |
| 264 #1 - PRODUCCIÓN, PUBLICACIÓN, DISTRIBUCIÓN, MANUFACTURA, Y COPYRIGHT |
| Lugar de producción, publicación, distribución, manufactura |
Estados Unidos : |
| Nombre del productor, publicador, distribuidor |
Jucum, |
| Fecha de producción, publicación, distribución, manufactura, o copyright |
[2004] |
| 264 #4 - PRODUCCIÓN, PUBLICACIÓN, DISTRIBUCIÓN, MANUFACTURA, Y COPYRIGHT |
| Fecha de producción, publicación, distribución, manufactura, o copyright |
©2004 |
| 300 ## - DESCRIPCIÓN FÍSICA |
| Extensión |
217 páginas |
| Dimensiones |
; 21 cm. |
| 336 ## - TIPO DE CONTENIDO |
| Fuente |
rdacontent |
| Término de tipo de contenido |
texto |
| Código de tipo de contenido |
txt |
| 337 ## - TIPO DE MEDIO |
| Fuente |
rdamedia |
| Nombre del tipo de medio |
sin mediación |
| Código del tipo de medio |
n |
| 338 ## - TIPO DE SOPORTE |
| Fuente |
rdacarrier |
| Nombre del tipo de soporte |
volumen |
| Código Tipo de soporte |
nc |
| 504 ## - NOTA DE BIBLIOGRAFÍA, ETC. |
| Nota de bibliografía, etc |
Incluye índice |
| 505 ## - NOTA DE CONTENIDO |
| Nota de contenido con formato preestablecido |
I. No todo lo que brilla -- II. Herencia familiar -- III. La niñita que cambio nuestras vidas -- IV. Olas -- V. Pequeños comienzos -- <br/>VI. Ayudante, esposa y amiga -- VII. Dios te hablara directamente -- VIII. Aguas azules, aguas agitadas -- IX. La clave para "el fluir" -- X. Lo que Dios quiere: un corazón limpio -- XI. Dirección multiplicada -- XII. El peligro del éxito -- XIII. Múnich: el mundo en miniatura -- XIV. El hombre en las sombras -- XV. "Tres pasos para escuchar a Dios -- XVI. Kalafi vuelve a casa -- XVII. No renuncies al barco -- XVIII. "¿No le importa a nadie?" -- XIX.Uuna historia de peces -- XX. Cómo conocer mejor a Dios. |
| 520 ## - NOTA DE RESUMEN, ETC. |
| Nota de sumario, etc. |
El sueño de Loren Cunningham empezó visualizando muchos jóvenes que viajaban a los continentes y anunciaban las Buenas Nuevas de Jesucristo por toda la tierra. Varias décadas después, la visión de Loren se ha convertido en un movimiento internacional e interdenominacional de cristianos de todo el mundo dedicados a presentar el Evangelio a esta generación.<br/> <br/>¿Cómo hizo Dios que el sueño de Loren se convirtiera en realidad? Hizo que Loren y su esposa Darlene pasaran por una serie de duras pruebas. La emocionante historia de Juventud con una Misión tiene mucho que enseñarnos acerca del arte de escuchar a Dios para poder ser usados por él. ¿Eres tú, Señor? no es sólo una guía práctica para oír la voz de Dios: es también un testimonio asombroso de cómo el andar en pos de su dirección puede impactar nuestra vida y nuestro mundo para la gloria de su reino. |
| 563 ## - NOTA DE ENCUADERNACIÓN |
| Nota de encuadernación |
Rústico |
| 650 #0 - ASIENTO SECUNDARIO DE MATERIA - TERMINO TEMÁTICO |
| 9 (RLIN) |
1238 |
| Término temático o nombre geográfico como elemento de entrada |
Biografías cristianas |
| 700 ## - ASIENTO SECUNDARIO - NOMBRE PERSONAL |
| 9 (RLIN) |
8606 |
| Nombre personal |
Rogers, Janice, |
| Responsabilidad |
autor |
| 942 ## - TIPO DE MATERIAL (KOHA) |
| Tipo de Item KOHA |
Libros General |
| 945 ## - INFORMACIÓN LOCAL DEL REGISTRO |
| Catalogador |
sor1564 |